| 000 | 00655cam a22001691 4500 | ||
|---|---|---|---|
| 001 | 000019837 | ||
| 005 | 20200929170147.0 | ||
| 008 | 720629s1963 fr a 000 0 fre | ||
| 040 |
_aDO-SdBNP _bspa _cBNPHU |
||
| 100 | 1 |
_aLagarde, Andre. _942342 |
|
| 245 | 1 | 0 |
_aMoyen Age; : _bles grands auteurs francais du programme / _cAndre Lagarde,Laurent Michard. |
| 260 |
_bLondres nd European Publications, _c[1963]. |
||
| 300 |
_aviii, 242 p. : _bil. ; _c22 cm. |
||
| 490 | 0 |
_aCollection litteraire Lagarde & Michard. Textes et litterature, _v1 |
|
| 700 | 1 |
_aMichard, Laurent _942343 |
|
| 830 | 0 |
_aCollection litteraire Lagarde & Michard. Textes et litterature, _942344 |
|
| 999 |
_c19350 _d19350 |
||